Труды конференции по крэкингу и гидрогенизации: апрель, 1913 г., г. Грозный

গ্রন্থ-পঞ্জীর বিবরন
সংস্থা লেখক: Государственное объединение нефтяной и газовой промышленности СССР "Союзнефть"
ভাষা:রুশ
প্রকাশিত: Москва, Гостехиздат, 1931
বিষয়গুলি:
বিন্যাস: গ্রন্থ
KOHA link:https://koha.lib.tpu.ru/cgi-bin/koha/opac-detail.pl?biblionumber=243485

MARC

LEADER 00000nam0a2200000 4500
001 243485
005 20231101231956.0
035 |a (RuTPU)RU\TPU\book\264829 
090 |a 243485 
100 |a 20130930d1931 k y0rusy50 ca 
101 0 |a rus 
102 |a RU 
105 |a a z 101zy 
200 1 |a Труды конференции по крэкингу и гидрогенизации  |e апрель, 1913 г., г. Грозный  |f Государственное объединение нефтяной и газовой промышленности СССР "Союзнефть" 
210 |a Москва  |a Ленинград  |c Гостехиздат  |d 1931 
215 |a 420 с.  |c ил. 
320 |a Библиогр.: с. 378-417. 
320 |a Авторский указатель: с. 418-420. 
606 1 |a Крекинг каталитический  |2 stltpush  |3 (RuTPU)RU\TPU\subj\34091  |9 56139 
606 1 |a Гидрирование (гидрогенизация), каталитическое  |2 stltpush  |3 (RuTPU)RU\TPU\subj\31794  |9 54552 
610 1 |a технология 
610 1 |a нефтяные продукты 
610 1 |a мазут 
610 1 |a печи 
610 1 |a углеводороды 
610 1 |a фракции 
675 |a 66.094  |v 3 
712 0 2 |a Государственное объединение нефтяной и газовой промышленности СССР "Союзнефть"  |2 stltpush  |3 (RuTPU)RU\TPU\col\19018 
801 1 |a RU  |b 63413507  |c 20130930 
801 2 |a RU  |b 63413507  |c 20131023  |g RCR 
942 |c BK